000 01748cam a2200157 4500500
005 20260208010049.0
041 _afre
042 _adc
100 1 0 _aRey, Pierre-Louis
_eauthor
245 0 0 _aJEAN-MARC QUARANTA, Le Génie de Proust. Genèse de l’esthétique de la Recherche, de Jean Santeuil à la madeleine et au Temps retrouvé. Paris, Honoré Champion, 2011. Un vol. de 348 p.
260 _c2011.
500 _a59
520 _aQuoiqu’il en ait longé la frontière par deux fois à l’occasion de ses voyages en Chine et ait caressé le projet d’une exploration, Victor Segalen n’a jamais pénétré au Tibet. Toutefois, dans Équipée et Thibet, le paysage tibétain, à une période où voyage et paysage ne vont plus de soi, devient une figure obsédante de son œuvre et s’intègre dans son « esthétique du Divers ». Quel est, dès lors, ce paradoxal « Pays Autre à connaître » qu’il donne à lire ? Le présent article propose d’éclairer cette question en montrant comment les récits des explorateurs au Tibet non seulement innervent son œuvre « tibétaine », mais encore nourrissent son regard critique sur le voyage et sa réflexion philosophique sur le paysage. Tirant parti de cette enquête intertextuelle où est portée au jour la réappropriation de représentations et de savoirs inédits, l’article interroge plus largement l’originalité et la valeur interculturelles du Tibet de Segalen et son inscription dans l’espace littéraire francophone.
786 0 _nRevue d'histoire littéraire de la France | 111 | 4 | 2011-12-12 | p. 981i-999i | 0035-2411
856 4 1 _uhttps://shs.cairn.info/revue-d-histoire-litteraire-de-la-france-2011-4-page-981i?lang=fr&redirect-ssocas=7080
999 _c1655018
_d1655018